| Tag |
First Indicator |
Second Indicator |
Subfields |
| LEADER |
00000cam a2200000Ia 4500 |
| 001 |
in00002786471 |
| 005 |
20210728125012.0 |
| 006 |
m o d |
| 007 |
cr cnu---unuuu |
| 008 |
100402s2010 njua ob 001 0 eng d |
| 019 |
|
|
|a 643592580
|a 647849288
|a 678093727
|a 775437940
|
| 020 |
|
|
|a 0470371404 (cloth)
|
| 020 |
|
|
|a 0470555300 (electronic bk.)
|
| 020 |
|
|
|a 1118269705 (electronic bk.)
|
| 020 |
|
|
|a 9780470371404 (cloth)
|
| 020 |
|
|
|a 9780470555309 (electronic bk.)
|
| 020 |
|
|
|a 9781118269701 (electronic bk.)
|
| 020 |
|
|
|z 9780470371404 (cloth)
|
| 035 |
|
|
|a (OCoLC)593240078
|z (OCoLC)643592580
|z (OCoLC)647849288
|z (OCoLC)678093727
|z (OCoLC)775437940
|
| 035 |
|
|
|a (OCoLC)ocn593240078
|
| 035 |
|
|
|a 4040643
|
| 037 |
|
|
|a 10.1002/9781118269701
|b Wiley InterScience
|n http://www3.interscience.wiley.com
|
| 040 |
|
|
|a N$T
|b eng
|c N$T
|d CDX
|d EBLCP
|d YDXCP
|d IDEBK
|d E7B
|d FHM
|d OCLCQ
|d AU@
|d OCLCQ
|d DG1
|d REDDC
|d OCLCQ
|d MERUC
|d OCLCQ
|d TXA
|d UtOrBLW
|
| 043 |
|
|
|a n-us---
|
| 049 |
|
|
|a TXAM
|
| 050 |
|
4 |
|a LB1027.55
|b .S34 2010eb
|
| 072 |
|
7 |
|a FAM
|x 011000
|2 bisacsh
|
| 072 |
|
7 |
|a PSY
|x 004000
|2 bisacsh
|
| 072 |
|
7 |
|a PSY
|x 006000
|2 bisacsh
|
| 082 |
0 |
4 |
|a 155.4/18
|2 22
|
| 245 |
0 |
0 |
|a School-based play therapy /
|c edited by Athena A. Drewes, Charles E. Schaefer.
|
| 250 |
|
|
|a 2nd ed.
|
| 264 |
|
1 |
|a Hoboken, N.J. :
|b John Wiley & Sons,
|c [2010]
|
| 264 |
|
4 |
|c ©2010
|
| 300 |
|
|
|a 1 online resource (xv, 507 pages) :
|b illustrations
|
| 336 |
|
|
|a text
|b txt
|2 rdacontent
|
| 337 |
|
|
|a computer
|b c
|2 rdamedia
|
| 338 |
|
|
|a online resource
|b cr
|2 rdacarrier
|
| 500 |
|
|
|a Electronic resource.
|
| 504 |
|
|
|a Includes bibliographical references and indexes.
|
| 505 |
0 |
|
|a The therapeutic powers of play and play therapy / Charles E. Schafer and Athena A. Drewes -- Meeting the early mental health needs of children through school-based play therapy : a review of outcome research / Sue C. Bratton -- Guidelines for incorporating play therapy in schools / Kristi Perryman and Judy Doran -- Challenges and barriers to implementing play therapy in schools / Dee C. Ray -- Using play therapy assessment in an elementary and intermediate school setting / Mary May Schmidt -- Transdisciplinary play-based assessment and intervention in the primary years / Toni Linder and Brittney Bixby -- Helping preschool and kindergarten teachers foster play in the classroom / Karen Stagnitti -- Primary project : an evidence-based approach / Mary Anne Peabody, Deborah Johnson, and A. Dirk Hightower -- Child-teacher relationship training : using the power of the child-teacher relationship as a school-based mental health intervention / Mary O. Morrison and Wendy Pretz Helker -- Treating disruptive classroom behaviors of preschoolers through teacher-child interaction therapy / David McIntosh -- LEGO®-based therapy for autistic spectrum children / Daniel B. LeGoff, G.W. Krauss, and Sarah Allen Levin -- Trauma-focused group play therapy in the schools / Yih-Jiun Shen -- Group sandplay in elementary schools / Theresa Kestly -- Play therapy for anger management in the schools / Barbara A. Fischetti -- Group play interventions for children with attention deficit/hyperactivity disorder / Linda A. Reddy -- Play therapy for children of alcoholics / Laura Jacobus-Kantor and James G. Emshoff -- Understanding and generalizing communication patterns in children with selective mutism / Laurie Zelinger -- Play, create, express, understand : bereavement groups in schools / Ruthellen Griffin -- Redrawing the front line : a play therapy service for meeting the psychosocial needs of children and families in school / Geraldine Thomas -- The nana's model : school-based play therapy with children who are homeless or severely impoverished / Ana Maria Sutton -- Better playtimes : a school-based therapeutic play intervention for staff and children.
|
| 520 |
|
|
|a The fully updated and revised Second Edition presents an A-to-Z guide for using play therapy in preschool and elementary school settings. This comprehensive reference covers why and how to implement a play therapy program in school settings; play-based prevention programs; individual play therapy approaches as well as group play; and play therapy with special populations. Co-edited by proven authors and acknowledged experts in the field, School-Based Play Therapy offers school counselors, psychologists, social workers, and teachers the latest techniques to develop their own creative approaches.
|
| 588 |
|
|
|a Description based on print version record.
|
| 650 |
|
0 |
|a Play therapy
|z United States.
|
| 650 |
|
0 |
|a School psychology
|z United States.
|0 http://id.loc.gov/authorities/subjects/sh2010112064
|
| 650 |
|
7 |
|a FAMILY & RELATIONSHIPS
|x Child Development.
|2 bisacsh
|
| 650 |
|
7 |
|a PSYCHOLOGY
|x Developmental
|x Child.
|2 bisacsh
|
| 650 |
|
7 |
|a PSYCHOLOGY
|x Psychotherapy
|x Child & Adolescent.
|2 bisacsh
|
| 655 |
|
7 |
|a Electronic books.
|2 local
|
| 700 |
1 |
|
|a Drewes, Athena A.,
|d 1948-
|0 http://id.loc.gov/authorities/names/n91105139
|
| 700 |
1 |
|
|a Schaefer, Charles E.
|0 http://id.loc.gov/authorities/names/n79043211
|
| 776 |
0 |
8 |
|i Print version:
|t School-based play therapy.
|b 2nd ed.
|d Hoboken, N.J. : John Wiley & Sons, c2010
|z 9780470371404
|w (DLC) 2009020117
|w (OCoLC)354817496
|
| 830 |
|
0 |
|a Wiley Online Library.
|
| 856 |
4 |
0 |
|u http://proxy.library.tamu.edu/login?url=https://dx.doi.org/10.1002/9781118269701
|z Connect to the full text of this electronic book
|t 0
|
| 948 |
|
|
|a cataloged
|b h
|c 2012/12/19
|d c
|e jlanham
|f 12:11:24 pm
|
| 994 |
|
|
|a C0
|b TXA
|
| 999 |
|
|
|a MARS
|
| 999 |
f |
f |
|s f95689b5-9cd0-3bca-8389-cbe9183ba086
|i 0cc2372b-9a65-3aca-a2df-a0d8114c1412
|t 0
|
| 952 |
f |
f |
|a Texas A&M University
|b College Station
|c Electronic Resources
|d Available Online
|t 0
|e LB1027.55 .S34 2010eb
|h Library of Congress classification
|
| 998 |
f |
f |
|a LB1027.55 .S34 2010eb
|t 0
|l Available Online
|